Normal view
MARC view
- قانون - العقود - مصارف
Entry Topical Term
001 - CONTROL NUMBER
- control field: 56986
003 - CONTROL NUMBER IDENTIFIER
- control field: JO-AjAnu
005 - DATE AND TIME OF LATEST TRANSACTION
- control field: 20230606083332.0
008 - FIXED-LENGTH DATA ELEMENTS
- fixed length control field: 230606|| aca||aabn | a|a d
040 ## - CATALOGING SOURCE
- Original cataloging agency: JO-AjAnu
- Transcribing agency: JO-AjAnu
150 ## - HEADING--TOPICAL TERM
- Topical term or geographic name entry element: قانون - العقود - مصارف
670 ## - SOURCE DATA FOUND
- Source citation: Work cat.: (JO-AjAnu)29078: اعداد الصعب، محمود راغب زيدان؛ اشراف احمد فهد محمد البطوش, author 56985, الالتزامات القانونية الناشئة عن العلاقات التعاقدية في خطاب الضمان المصرفي ( دراسة مقارنة) = Legal Obligations Arising Form The Contractual Relationship In The Leteer Of Bank Guarantee ( A Cpmparative Study)